| 000 | 00420nam a2200133 u 4500 | ||
|---|---|---|---|
| 001 | 000020401 | ||
| 005 | 20200929170412.0 | ||
| 008 | 100813s2015 dr 000 0 spa d | ||
| 020 | _a9789945893519 | ||
| 040 |
_aDO-SdBNP _bspa _cBNPHU |
||
| 082 |
_axxx _bxxx |
||
| 245 | 1 | 0 |
_aBreve historia de la integración de América Latina y el Caribe. Un sueño bicentenario / _cSergio Guerra Vilaboy. |
| 260 |
_aSanto Domingo, _c2015. |
||
| 999 |
_c19905 _d19905 |
||